01181cam a2200265 a 450000100090000000300070000900500170001600800410003301000170007402000150009104000180010604300120012405000230013608200250015910000190018424501600020326000510036330000290041450503250044360000450076861000150081365000340082865000260086270000270088812490412CSDEKL20220326193246.0010801s2000 cr a 000 0 spa  a 2001423042 a9977237182 aDLCcDLCdDLC anccr---00aGR118.C6bL49 200000a398.209.728.62L697I aChase, Alfonso00aLibro de las maravillas :bantología de romances y tradiciones costarricenses de Alfonso Chase /cAlfonso Chase ; ilustraciones de Juan Manuel Sánchez. a[San José?] :bEditorial Costa Rica,c[2000] a384 p. :bill. ;c27 cm. tDeconstruyendo y construyendo la cultura popular en su expresión literariatRomances TradicionalestRondas y JuegostDichos InfantilestCanciones de Cuna ArrullostAdivinanzastVillancicos para el niño DiostCoplas y CoplillastDichos y OcurrenciastOraciones y Milagros de CaminantetSomos lo que ComemostContenido xFolclor- Costa RicaxRomancezCosta Rica zCosta Rica 0aFolk literature, Costa Rican. 0aCooking, Costa Rican.1 aChase, Alfonso,d1945-